{"text_format":"3","workbook":"xlsx","n_sheets":1,"sheets":["01_all_result"],"read":"whole","date_system":"1900"}

{"sheet":"01_all_result","index":0,"n_rows":77,"n_cols":18,"rows_kept":77,"merged":[[0,0,0,17]]}
["Table S1 The single nucleotide polymorphism (SNP) and F-statistic information for 5 PPGs in Mendelian randomization (MR) analysis"]
["id.exposure","chr.exposure","pos.exposure","SNP","effect_allele.exposure","other_allele.exposure","eaf.exposure","beta.exposure","se.exposure","pval.exposure","samplesize.exposure","exposure","mr_keep.exposure","pval_origin.exposure","data_source.exposure","r2","F","allele_pair"]
["eqtl-a-ENSG00000089685",17,76221008,"rs2661694","A","C",0.274772,-0.271668,0.0131352,{"v":4.97e-95,"d":"4.97E-95"},27185,"ENSG00000089685 || id:eqtl-a-ENSG00000089685",true,"reported","igd",0.015491509,427.7318983,"A/C"]
["eqtl-a-ENSG00000089685",17,76164404,"rs9900387","C","A",0.569911,0.0800041,0.0120027,{"v":2.64e-11,"d":"2.64E-11"},22841,"ENSG00000089685 || id:eqtl-a-ENSG00000089685",true,"reported","igd",0.001941366,44.42511453,"C/A"]
["eqtl-a-ENSG00000100985",20,44644965,"rs13925","A","G",0.148395,0.353837,0.0164753,{"v":2.56e-102,"d":"2.56E-102"},31683,"ENSG00000100985 || id:eqtl-a-ENSG00000100985",true,"reported","igd",0.01434949,461.2245435,"A/G"]
["eqtl-a-ENSG00000100985",20,44594228,"rs3746513","A","G",0.333019,0.146606,0.0125681,1.93E-31,31599,"ENSG00000100985 || id:eqtl-a-ENSG00000100985",true,"reported","igd",0.004287704,136.0619671,"A/G"]
["eqtl-a-ENSG00000100985",7,28724374,"rs56388170","T","G",0.289189,-0.139995,0.0130743,{"v":9.38e-27,"d":"9.38E-27"},31355,"ENSG00000100985 || id:eqtl-a-ENSG00000100985",true,"reported","igd",0.003643311,114.6464087,"T/G"]
["eqtl-a-ENSG00000100985",20,44667904,"rs6017731","C","T",0.942632,0.235057,0.0255175,3.21E-20,31684,"ENSG00000100985 || id:eqtl-a-ENSG00000100985",true,"reported","igd",0.002670967,84.84821615,"C/T"]
["eqtl-a-ENSG00000100985",20,44637624,"rs1805088","T","C",0.0186062,-0.40326,0.0439137,{"v":4.19e-20,"d":"4.19E-20"},30416,"ENSG00000100985 || id:eqtl-a-ENSG00000100985",true,"reported","igd",0.002764813,84.32215019,"T/C"]
["eqtl-a-ENSG00000100985",7,50370254,"rs149007767","T","C",0.149708,-0.146875,0.0166357,{"v":1.06e-18,"d":"1.06E-18"},30077,"ENSG00000100985 || id:eqtl-a-ENSG00000100985",true,"reported","igd",0.002584967,77.94436434,"T/C"]
["eqtl-a-ENSG00000100985",20,44725497,"rs117890766","T","C",0.0283167,-0.291118,0.0357969,{"v":4.2e-16,"d":"4.20E-16"},30484,"ENSG00000100985 || id:eqtl-a-ENSG00000100985",true,"reported","igd",2.164881E-3,66.13308567,"T/C"]
["eqtl-a-ENSG00000100985",20,44537837,"rs6065905","C","T",0.18843,0.121907,0.0151851,{"v":9.91e-16,"d":"9.91E-16"},31565,"ENSG00000100985 || id:eqtl-a-ENSG00000100985",true,"reported","igd",0.002037654,64.44577592,"C/T"]
["eqtl-a-ENSG00000100985",2,85806068,"rs3731827","C","T",0.418566,0.0961105,0.0120374,1.41E-15,31569,"ENSG00000100985 || id:eqtl-a-ENSG00000100985",true,"reported","igd",2.015298E-3,63.74538872,"C/T"]
["eqtl-a-ENSG00000100985",3,16908518,"rs7613595","C","A",0.23545,0.109595,0.0139975,{"v":4.89e-15,"d":"4.89E-15"},31569,"ENSG00000100985 || id:eqtl-a-ENSG00000100985",true,"reported","igd",1.938104E-3,61.29894708,"C/A"]
["eqtl-a-ENSG00000100985",20,44778580,"rs112809897","T","C",0.0323311,-0.240731,0.0335878,{"v":7.65e-13,"d":"7.65E-13"},31350,"ENSG00000100985 || id:eqtl-a-ENSG00000100985",true,"reported","igd",0.001635883,51.36570057,"T/C"]
["eqtl-a-ENSG00000100985",20,44721457,"rs73112860","C","A",0.0676431,-0.158177,0.0236622,2.31E-11,31567,"ENSG00000100985 || id:eqtl-a-ENSG00000100985",true,"reported","igd",0.001413607,44.6836777,"C/A"]
["eqtl-a-ENSG00000100985",20,44708303,"rs75193673","T","C",0.0194401,0.285942,0.0430408,{"v":3.07e-11,"d":"3.07E-11"},26577,"ENSG00000100985 || id:eqtl-a-ENSG00000100985",true,"reported","igd",1.657939E-3,44.1329083,"T/C"]
["eqtl-a-ENSG00000100985",17,38143548,"rs4065321","T","C",0.539612,0.0775781,0.0119232,{"v":7.69e-11,"d":"7.69E-11"},31683,"ENSG00000100985 || id:eqtl-a-ENSG00000100985",true,"reported","igd",1.334401E-3,42.33165073,"T/C"]
["eqtl-a-ENSG00000100985",6,144385777,"rs149110519","T","C",0.0526158,-0.164549,0.0266217,{"v":6.37e-10,"d":"6.37E-10"},25735,"ENSG00000100985 || id:eqtl-a-ENSG00000100985",true,"reported","igd",1.482349E-3,38.20191835,"T/C"]
["eqtl-a-ENSG00000100985",20,44497587,"rs146153465","A","C",0.0232415,0.237655,0.0394513,{"v":1.7e-09,"d":"1.70E-09"},27836,"ENSG00000100985 || id:eqtl-a-ENSG00000100985",true,"reported","igd",0.001301963,36.28608131,"A/C"]
["eqtl-a-ENSG00000100985",20,44812456,"rs117606004","T","C",0.0394887,-0.177669,0.0305237,{"v":5.86E-9,"d":"5.86E-09"},30538,"ENSG00000100985 || id:eqtl-a-ENSG00000100985",true,"reported","igd",0.001108222,33.87821495,"T/C"]
["eqtl-a-ENSG00000100985",20,44464356,"rs117191103","T","C",0.016665,0.268095,0.0464386,{"v":7.79e-09,"d":"7.79E-09"},25027,"ENSG00000100985 || id:eqtl-a-ENSG00000100985",true,"reported","igd",0.001329941,33.32609934,"T/C"]
["eqtl-a-ENSG00000100985",20,44529974,"rs472053","T","C",0.0490024,-0.14806,0.0275424,{"v":7.62e-08,"d":"7.62E-08"},31237,"ENSG00000100985 || id:eqtl-a-ENSG00000100985",true,"reported","igd",0.000924275,28.89642527,"T/C"]
["eqtl-a-ENSG00000100985",20,44559708,"rs113232549","T","C",0.0240334,0.208318,0.0388219,{"v":8.05E-8,"d":"8.05E-08"},20097,"ENSG00000100985 || id:eqtl-a-ENSG00000100985",true,"reported","igd",0.001430695,28.79100332,"T/C"]
["eqtl-a-ENSG00000100985",20,44291740,"rs146596119","C","T",0.0209611,-0.222601,0.0415045,{"v":8.17e-08,"d":"8.17E-08"},26758,"ENSG00000100985 || id:eqtl-a-ENSG00000100985",true,"reported","igd",0.00107385,28.76281495,"C/T"]
["eqtl-a-ENSG00000100985",20,44730041,"rs182282247","A","G",0.0229772,0.211409,0.0396833,{"v":9.97e-08,"d":"9.97E-08"},25900,"ENSG00000100985 || id:eqtl-a-ENSG00000100985",true,"reported","igd",1.094601E-3,28.37904952,"A/G"]
["eqtl-a-ENSG00000100985",7,148869277,"rs4727027","A","G",0.639097,-0.0659077,0.0123803,{"v":1.02E-7,"d":"1.02E-07"},31185,"ENSG00000100985 || id:eqtl-a-ENSG00000100985",true,"reported","igd",0.000907966,28.33884341,"A/G"]
["eqtl-a-ENSG00000100985",6,30075864,"rs2023472","G","A",0.623229,-0.0632965,0.0122708,{"v":2.49e-07,"d":"2.49E-07"},28260,"ENSG00000100985 || id:eqtl-a-ENSG00000100985",true,"reported","igd",0.00094066,26.606203,"G/A"]
["eqtl-a-ENSG00000100985",20,44187460,"rs76757042","A","G",0.0217662,-0.20967,0.0407497,{"v":2.67E-7,"d":"2.67E-07"},25933,"ENSG00000100985 || id:eqtl-a-ENSG00000100985",true,"reported","igd",1.01983E-3,26.47221393,"A/G"]
["eqtl-a-ENSG00000100985",2,43359061,"rs12466022","A","C",0.260124,0.0686166,0.0135544,{"v":4.14e-07,"d":"4.14E-07"},27399,"ENSG00000100985 || id:eqtl-a-ENSG00000100985",true,"reported","igd",9.34452E-4,25.62513081,"A/C"]
["eqtl-a-ENSG00000100985",20,44788291,"rs34793028","T","C",0.277283,0.0671617,0.0132833,{"v":4.28e-07,"d":"4.28E-07"},31355,"ENSG00000100985 || id:eqtl-a-ENSG00000100985",true,"reported","igd",0.000814649,25.56252181,"T/C"]
["eqtl-a-ENSG00000100985",20,44382716,"rs150774764","A","G",0.0215464,-0.206139,0.0409542,{"v":4.81e-07,"d":"4.81E-07"},25937,"ENSG00000100985 || id:eqtl-a-ENSG00000100985",true,"reported","igd",0.000975842,25.33319385,"A/G"]
["eqtl-a-ENSG00000100985",12,111833788,"rs10774624","A","G",0.538565,-0.0594115,0.0119286,{"v":6.34e-07,"d":"6.34E-07"},28089,"ENSG00000100985 || id:eqtl-a-ENSG00000100985",true,"reported","igd",8.82353E-4,24.80453898,"A/G"]
["eqtl-a-ENSG00000100985",5,148200011,"rs56330463","C","T",0.582097,-0.0585341,0.0120572,{"v":1.21e-06,"d":"1.21E-06"},31569,"ENSG00000100985 || id:eqtl-a-ENSG00000100985",true,"reported","igd",0.000746002,23.56662796,"C/T"]
["eqtl-a-ENSG00000100985",12,112007756,"rs653178","T","C",0.539991,-0.0578931,0.0119318,{"v":1.22E-6,"d":"1.22E-06"},28418,"ENSG00000100985 || id:eqtl-a-ENSG00000100985",true,"reported","igd",0.00082773,23.54025237,"T/C"]
["eqtl-a-ENSG00000100985",3,187456594,"rs3733018","C","A",0.64143,-0.0593687,0.0124003,{"v":1.69e-06,"d":"1.69E-06"},31355,"ENSG00000100985 || id:eqtl-a-ENSG00000100985",true,"reported","igd",0.000730511,22.92044217,"C/A"]
["eqtl-a-ENSG00000100985",10,28780373,"rs2998286","C","T",0.779099,0.06856,0.014335,{"v":1.73E-6,"d":"1.73E-06"},31569,"ENSG00000100985 || id:eqtl-a-ENSG00000100985",true,"reported","igd",0.000724054,22.87276713,"C/T"]
["eqtl-a-ENSG00000100985",17,56356502,"rs56378716","G","A",0.0168293,-0.219952,0.0462326,{"v":1.96e-06,"d":"1.96E-06"},22060,"ENSG00000100985 || id:eqtl-a-ENSG00000100985",true,"reported","igd",1.024963E-3,22.63183767,"G/A"]
["eqtl-a-ENSG00000100985",12,112059557,"rs11065979","T","C",0.418831,0.0568708,0.012054,{"v":2.38e-06,"d":"2.38E-06"},28418,"ENSG00000100985 || id:eqtl-a-ENSG00000100985",true,"reported","igd",0.000782677,22.25797934,"T/C"]
["eqtl-a-ENSG00000100985",17,16170764,"rs7210990","A","C",0.481977,0.0558998,0.0119019,{"v":2.65E-6,"d":"2.65E-06"},31569,"ENSG00000100985 || id:eqtl-a-ENSG00000100985",true,"reported","igd",0.000698271,22.05770881,"A/C"]
["eqtl-a-ENSG00000100985",20,44235457,"rs117507111","T","C",0.0185702,0.206847,0.0440522,{"v":2.66e-06,"d":"2.66E-06"},23357,"ENSG00000100985 || id:eqtl-a-ENSG00000100985",true,"reported","igd",0.000943054,22.04580996,"T/C"]
["eqtl-a-ENSG00000100985",20,44413777,"rs11698785","T","G",0.047522,-0.128418,0.0279541,{"v":4.35e-06,"d":"4.35E-06"},26665,"ENSG00000100985 || id:eqtl-a-ENSG00000100985",true,"reported","igd",0.000790816,21.10222258,"T/G"]
["eqtl-a-ENSG00000100985",10,94436851,"rs7911264","C","T",0.515223,-0.0544565,0.0119002,{"v":4.74e-06,"d":"4.74E-06"},31684,"ENSG00000100985 || id:eqtl-a-ENSG00000100985",true,"reported","igd",0.000660487,20.93936535,"C/T"]
["eqtl-a-ENSG00000100985",6,31337211,"rs9266428","A","G",0.224187,-0.0651314,0.0142607,{"v":4.94e-06,"d":"4.94E-06"},30871,"ENSG00000100985 || id:eqtl-a-ENSG00000100985",true,"reported","igd",0.000675235,20.85792023,"A/G"]
["eqtl-a-ENSG00000100985",20,44533369,"rs11086986","A","C",0.0500295,-0.124561,0.0272807,{"v":4.97e-06,"d":"4.97E-06"},30540,"ENSG00000100985 || id:eqtl-a-ENSG00000100985",true,"reported","igd",0.000682162,20.84609492,"A/C"]
["eqtl-a-ENSG00000100985",1,8504421,"rs159963","A","C",0.564555,-0.0545685,0.0119952,{"v":5.39e-06,"d":"5.39E-06"},31569,"ENSG00000100985 || id:eqtl-a-ENSG00000100985",true,"reported","igd",0.000655124,20.69386111,"A/C"]
["eqtl-a-ENSG00000100985",20,44452896,"rs41305819","G","A",0.0189017,-0.198501,0.0436737,{"v":5.49E-6,"d":"5.49E-06"},27401,"ENSG00000100985 || id:eqtl-a-ENSG00000100985",true,"reported","igd",0.000753341,20.6563567,"G/A"]
["eqtl-a-ENSG00000100985",9,136141870,"rs2519093","T","C",0.196352,-0.0670426,0.0149722,{"v":7.54e-06,"d":"7.54E-06"},31061,"ENSG00000100985 || id:eqtl-a-ENSG00000100985",true,"reported","igd",0.000645111,20.04945133,"T/C"]
["eqtl-a-ENSG00000100985",19,45372329,"rs17561351","G","A",0.0587334,-0.113014,0.0252952,{"v":7.9e-06,"d":"7.90E-06"},31508,"ENSG00000100985 || id:eqtl-a-ENSG00000100985",true,"reported","igd",0.000633129,19.96000703,"G/A"]
["eqtl-a-ENSG00000100985",20,44875609,"rs184111681","A","G",0.0190602,-0.193017,0.0434967,{"v":9.1e-06,"d":"9.10E-06"},20409,"ENSG00000100985 || id:eqtl-a-ENSG00000100985",true,"reported","igd",0.000963913,19.6895569,"A/G"]
["eqtl-a-ENSG00000110092",11,69383728,"rs1960217","T","C",0.64451,0.248607,0.0122568,{"v":1.8E-91,"d":"1.80E-91"},25974,"ENSG00000110092 || id:eqtl-a-ENSG00000110092",true,"reported","igd",0.015592247,411.3761076,"T/C"]
["eqtl-a-ENSG00000110092",11,69329784,"rs676856","A","C",0.340538,-0.153709,0.0124925,{"v":8.6e-35,"d":"8.60E-35"},31564,"ENSG00000110092 || id:eqtl-a-ENSG00000110092",true,"reported","igd",0.004773422,151.3813447,"A/C"]
["eqtl-a-ENSG00000110092",11,69434303,"rs11263511","T","C",0.739125,0.164787,0.0134829,{"v":2.37e-34,"d":"2.37E-34"},31557,"ENSG00000110092 || id:eqtl-a-ENSG00000110092",true,"reported","igd",0.004711212,149.3659971,"T/C"]
["eqtl-a-ENSG00000110092",7,28174986,"rs67250450","C","T",0.24079,0.134576,0.013874,{"v":3.02e-22,"d":"3.02E-22"},31569,"ENSG00000110092 || id:eqtl-a-ENSG00000110092",true,"reported","igd",0.00297152,94.08152233,"C/T"]
["eqtl-a-ENSG00000110092",11,69482068,"rs61360017","G","A",0.112904,0.178479,0.0187463,{"v":1.72e-21,"d":"1.72E-21"},29835,"ENSG00000110092 || id:eqtl-a-ENSG00000110092",true,"reported","igd",0.003029002,90.63877101,"G/A"]
["eqtl-a-ENSG00000110092",11,69188754,"rs61882188","G","A",0.281837,0.0733434,0.0132148,{"v":2.86e-08,"d":"2.86E-08"},30077,"ENSG00000110092 || id:eqtl-a-ENSG00000110092",true,"reported","igd",0.001023109,30.80151005,"G/A"]
["eqtl-a-ENSG00000110092",11,69289803,"rs117752342","T","C",0.031958,0.172392,0.0338071,{"v":3.41E-7,"d":"3.41E-07"},22332,"ENSG00000110092 || id:eqtl-a-ENSG00000110092",true,"reported","igd",0.001163015,26.00036733,"T/C"]
["eqtl-a-ENSG00000110092",11,69081998,"rs34345560","A","G",0.209645,0.0652461,0.0146112,{"v":7.99e-06,"d":"7.99E-06"},30902,"ENSG00000110092 || id:eqtl-a-ENSG00000110092",true,"reported","igd",0.000644868,19.93926912,"A/G"]
["eqtl-a-ENSG00000117984",11,1737957,"rs187312763","A","G",0.0208962,-0.603668,0.0412985,{"v":2.18e-48,"d":"2.18E-48"},16679,"ENSG00000117984 || id:eqtl-a-ENSG00000117984",true,"reported","igd",0.012648227,213.636608,"A/G"]
["eqtl-a-ENSG00000117984",11,1830431,"rs145422110","T","C",0.0162633,-0.542349,0.0468325,{"v":5.16e-31,"d":"5.16E-31"},18048,"ENSG00000117984 || id:eqtl-a-ENSG00000117984",true,"reported","igd",0.007375963,134.0957071,"T/C"]
["eqtl-a-ENSG00000117984",11,1811297,"rs72850976","T","C",0.0846482,-0.190736,0.0213213,{"v":3.69e-19,"d":"3.69E-19"},26278,"ENSG00000117984 || id:eqtl-a-ENSG00000117984",true,"reported","igd",0.003036163,80.02117504,"T/C"]
["eqtl-a-ENSG00000117984",1,156255456,"rs6684514","A","G",0.287248,0.10309,0.013125,{"v":4.02e-15,"d":"4.02E-15"},26009,"ENSG00000117984 || id:eqtl-a-ENSG00000117984",true,"reported","igd",2.366366E-3,61.68805227,"A/G"]
["eqtl-a-ENSG00000117984",11,1874072,"rs907611","A","G",0.308054,-0.0955183,0.0128662,{"v":1.14e-13,"d":"1.14E-13"},15418,"ENSG00000117984 || id:eqtl-a-ENSG00000117984",true,"reported","igd",0.003562007,55.10820091,"A/G"]
["eqtl-a-ENSG00000117984",11,1793463,"rs147565236","A","G",0.0139034,0.354429,0.0507429,{"v":2.86e-12,"d":"2.86E-12"},4783,"ENSG00000117984 || id:eqtl-a-ENSG00000117984",true,"reported","igd",0.01009718,48.76702851,"A/G"]
["eqtl-a-ENSG00000117984",11,1385913,"rs11023958","C","A",0.0148782,-0.309009,0.0490926,{"v":3.08e-10,"d":"3.08E-10"},15963,"ENSG00000117984 || id:eqtl-a-ENSG00000117984",true,"reported","igd",0.00247582,39.61464553,"C/A"]
["eqtl-a-ENSG00000117984",11,1778321,"rs2292962","T","C",0.132201,-0.110024,0.0175475,{"v":3.61e-10,"d":"3.61E-10"},25947,"ENSG00000117984 || id:eqtl-a-ENSG00000117984",true,"reported","igd",0.001512863,39.31070939,"T/C"]
["eqtl-a-ENSG00000117984",11,1670794,"rs144754070","C","T",0.105278,-0.11982,0.0193662,{"v":6.12e-10,"d":"6.12E-10"},26273,"ENSG00000117984 || id:eqtl-a-ENSG00000117984",true,"reported","igd",1.454882E-3,38.2768988,"C/T"]
["eqtl-a-ENSG00000117984",7,50370254,"rs149007767","T","C",0.149708,-0.100338,0.0166602,{"v":1.71e-09,"d":"1.71E-09"},24788,"ENSG00000117984 || id:eqtl-a-ENSG00000117984",true,"reported","igd",0.001461147,36.26898625,"T/C"]
["eqtl-a-ENSG00000117984",11,1334187,"rs184448503","G","T",0.0169543,-0.265846,0.0460475,{"v":7.77e-09,"d":"7.77E-09"},16515,"ENSG00000117984 || id:eqtl-a-ENSG00000117984",true,"reported","igd",0.00201416,33.32694848,"G/T"]
["eqtl-a-ENSG00000117984",20,39091487,"rs2902940","G","A",0.274749,0.0683592,0.0133207,{"v":2.87e-07,"d":"2.87E-07"},26280,"ENSG00000117984 || id:eqtl-a-ENSG00000117984",true,"reported","igd",1.001105E-3,26.33339148,"G/A"]
["eqtl-a-ENSG00000117984",16,86011033,"rs13333054","T","C",0.211395,0.0736825,0.0145638,{"v":4.21e-07,"d":"4.21E-07"},26395,"ENSG00000117984 || id:eqtl-a-ENSG00000117984",true,"reported","igd",0.000968806,25.59448436,"T/C"]
["eqtl-a-ENSG00000117984",11,1768530,"rs115637122","A","G",0.0345917,0.163919,0.0325397,{"v":4.72e-07,"d":"4.72E-07"},12289,"ENSG00000117984 || id:eqtl-a-ENSG00000117984",true,"reported","igd",0.00206072,25.37235719,"A/G"]
["eqtl-a-ENSG00000117984",11,1894814,"rs74047629","C","A",0.0608982,-0.120695,0.024867,{"v":1.21e-06,"d":"1.21E-06"},17422,"ENSG00000117984 || id:eqtl-a-ENSG00000117984",true,"reported","igd",1.350352E-3,23.55493503,"C/A"]
["eqtl-a-ENSG00000117984",11,1987045,"rs12420402","T","C",0.0396414,0.144263,0.0304796,{"v":2.21E-6,"d":"2.21E-06"},15401,"ENSG00000117984 || id:eqtl-a-ENSG00000117984",true,"reported","igd",0.001452483,22.39932804,"T/C"]
["eqtl-a-ENSG00000117984",12,54685880,"rs35979828","T","C",0.0571059,-0.121219,0.0256288,{"v":2.25e-06,"d":"2.25E-06"},24547,"ENSG00000117984 || id:eqtl-a-ENSG00000117984",true,"reported","igd",9.10523E-4,22.36914907,"T/C"]
["eqtl-a-ENSG00000117984",11,1536741,"rs146099176","A","G",0.015799,-0.222997,0.0476928,{"v":2.93e-06,"d":"2.93E-06"},6108,"ENSG00000117984 || id:eqtl-a-ENSG00000117984",true,"reported","igd",0.003566496,21.85496786,"A/G"]
["eqtl-a-ENSG00000117984",20,42839620,"rs4142441","G","A",0.156066,0.072633,0.0163883,{"v":9.34e-06,"d":"9.34E-06"},26310,"ENSG00000117984 || id:eqtl-a-ENSG00000117984",true,"reported","igd",0.000746028,19.64116025,"G/A"]